Leading from the front (Record no. 82124)

MARC details
000 -LEADER
fixed length control field 01409cad a22002175a 4500
001 - CONTROL NUMBER
control field L149305
008 - FIXED-LENGTH DATA ELEMENTS--GENERAL INFORMATION
fixed length control field 090720s2009 xxk 000 0 eng u
035 ## - SYSTEM CONTROL NUMBER
System control number (Sirsi) u149306
041 0# - LANGUAGE CODE
Language code of text/sound track or separate title eng
100 1# - MAIN ENTRY--PERSONAL NAME
Personal name Lown, Matthew
245 00 - TITLE STATEMENT
Title Leading from the front
Remainder of title client requirements for sustainable buildings
Medium [electronic resource]
260 ## - PUBLICATION, DISTRIBUTION, ETC.
Date of publication, distribution, etc. 2010
490 #4 - SERIES STATEMENT
Series statement The Journal
-- RICS Building Surveying Journal
Volume/sequential designation March/April 2010, 6(1)
520 ## - SUMMARY, ETC.
Summary, etc. The RICS guidance note Sustainability and the RICS property lifecycle, states: "The interrelationships of the five phases in the RICS property lifecycle are critical to achieving sustainability for the profession. By considering the consequences of decisions relating to sustainability, as well as the impact on the other phases of the RICS property lifecycle, it is possible to develop a better framework for decision making." Surveyors have a role in helping clients improve the performance of their property and make existing building stock more sustainable with less environmental impacts.
590 ## - LOCAL NOTE (RLIN)
Local note KA
651 #4 - SUBJECT ADDED ENTRY--GEOGRAPHIC NAME
Geographic name United Kingdom
Chronological subdivision
690 ## - LOCAL SUBJECT ADDED ENTRY--TOPICAL TERM (OCLC, RLIN)
Topical term or geographic name as entry element ENVIRONMENTAL AND LAND CONSULTANCY-SUSTAINABILITY-SUSTAINABLE DEVELOPMENT
690 ## - LOCAL SUBJECT ADDED ENTRY--TOPICAL TERM (OCLC, RLIN)
Topical term or geographic name as entry element ENVIRONMENTAL AND LAND CONSULTANCY-SUSTAINABILITY
856 41 - ELECTRONIC LOCATION AND ACCESS
Uniform Resource Identifier <a href="https://www.rics.org/site/download_feed.aspx?fileID=5880&fileExtension=PDF">https://www.rics.org/site/download_feed.aspx?fileID=5880&fileExtension=PDF</a>
Public note View this item (member-only access) at www.rics.org
942 ## - ADDED ENTRY ELEMENTS (KOHA)
Suppress in OPAC 0
Holdings
Withdrawn status Lost status Source of classification or shelving scheme Damaged status Not for loan Home library Current library Shelving location Date acquired Total Checkouts Full call number Barcode Date last seen Copy number Price effective from Koha item type
    Dewey Decimal Classification     Virtual Virtual Online 18/02/2010   ONLINE PUBLICATION 149306-2001 06/08/2019 1 06/08/2019 Journal article